000 00608nam a22002177a 4500
003 OSt
005 20240925163333.0
008 240925b |||||||| |||| 00| 0 eng d
020 _a9780077126728
040 _cDDC
082 _a658 ATR 2012
100 _aAtrill, Peter; Seal, Will
_919214
245 _aManagement Accountingfor Business Decisions
250 _a6th ed.
260 _aEngland;
_bPearson,
_c2012
300 _axxiii,536p; Col.ill: 23.5cm
504 _aAppendices & index included
650 _aManagement accounting
_95280
650 _aBusiness decisions
_919215
942 _2ddc
_cO_SHELF
999 _c9410
_d9410